The chrystal chemistry of new synthetic compounds CsNaCu(P2O7) and Rb2Cu(P2O7) /

Elmentve itt :
Bibliográfiai részletek
Szerzők: Chernyatieva A. P.
Spiridonova D. V.
Krivovichev S. V.
Dokumentumtípus: Cikk
Megjelent: Department of Mineralogy, Geochemistry and Petrology, University of Szeged Szeged 2012
Sorozat:Acta mineralogica-petrographica 7
Acta mineralogica-petrographica : abstract series 7
Kulcsszavak:Földtan - előadáskivonat, Kőzettan - előadáskivonat, Ásványtan - előadáskivonat
Tárgyszavak:
Online Access:http://acta.bibl.u-szeged.hu/32975
LEADER 01063nab a2200241 i 4500
001 acta32975
005 20260212143026.0
008 161017s2012 hu o 000 eng d
022 |a 0324-6523, 1589-4835 
040 |a SZTE Egyetemi Kiadványok Repozitórium  |b hun 
041 |a eng 
100 1 |a Chernyatieva A. P. 
245 1 4 |a The chrystal chemistry of new synthetic compounds   |h [elektronikus dokumentum] :  |b CsNaCu(P2O7) and Rb2Cu(P2O7) /  |c  Chernyatieva A. P. 
260 |a Department of Mineralogy, Geochemistry and Petrology, University of Szeged  |b Szeged  |c 2012 
300 |a 25 
490 0 |a Acta mineralogica-petrographica  |v 7 
490 0 |a Acta mineralogica-petrographica : abstract series  |v 7 
650 4 |a Természettudományok 
650 4 |a Föld- és kapcsolódó környezettudományok 
695 |a Földtan - előadáskivonat, Kőzettan - előadáskivonat, Ásványtan - előadáskivonat 
700 0 1 |a Spiridonova D. V.  |e aut 
700 0 1 |a Krivovichev S. V.  |e aut 
856 4 0 |u http://acta.bibl.u-szeged.hu/32975/1/mineralogica_as_007_025.pdf  |z Dokumentum-elérés